| 000 | 01324nam a22003617a 4500 | ||
|---|---|---|---|
| 003 | CHAP | ||
| 005 | 20220329141031.0 | ||
| 008 | 971013s1992 r 00010 d | ||
| 010 | _a61594 | ||
| 011 | _a62566 | ||
| 035 | _a66740 | ||
| 040 | _cCHAP | ||
| 090 | _aFolleto 14748 | ||
| 100 | 0 | 0 |
_aCajuste, Lenom J. _917256 |
| 245 | _aEstablecimiento de un banco de datos para evaluar la fertilidad de los suelos agrícolas para los cultivos básicos mediante el sistema Dris | ||
| 260 |
_aMontecillo, Méx. : _bColegio de Postgraduados, _c1992 |
||
| 300 | _a3 h. | ||
| 500 | _aAntepropuestas para presentarse ante la Organización de las Naciones Unidas para la Agricultura y la Alimentación | ||
| 590 |
_aBATCH-UPD _b10 _c20130110 _lUCH01 _h0022 |
||
| 590 |
_aBATCH-UPD _b10 _c20130110 _lUCH01 _h1527 |
||
| 590 |
_aBATCH-UPD _b10 _c20130410 _lUCH01 _h0936 |
||
| 590 |
_aBATCH-UPD _b10 _c20130914 _lUCH01 _h0544 |
||
| 590 |
_aCONVERSION _b10 _c20130109 _lUCH01 _h1333 |
||
| 650 | 1 | 4 |
_aBases de datos. _910684 |
| 650 | 1 | 4 |
_aMétodo DRIS. _976624 |
| 650 | 1 | 4 |
_aPlantas _xElementos minerales. _988823 |
| 650 | 1 | 4 |
_aSuelos _xFertilidad. _9110367 |
| 650 | 1 | 4 |
_aSuelos _xFísica de. _9110373 |
| 650 | 1 | 4 |
_aSuelos _xQuímica de. _9110470 |
| 901 | _aBK | ||
| 942 | _cFOLL | ||
| 949 |
_aFolleto 14748 _bBC _cUACH _d-151962 _eUACH _i66740 _si |
||
| 999 |
_c61594 _d61594 |
||